000 00320nam a22001217a 4500
008 180607b xxu||||| |||| 00| 0 eng d
041 _aeng
080 _a043.3
100 _a0
101 _aMEK-MA
245 _aPajisjet Termike ne Procesin e Zinkimit te Llamarines ne "Llamkos" Vushtrri
_cRrustemi, A
942 _2udc
_cBK
999 _c46580
_d46580